书目信息 |
| 题名: |
网络安全保护
|
|
| 作者: | 克劳斯 , Crayton, , Cross, 著 ;贾军保 译 | |
| 分册: | ||
| 出版信息: | 北京 科学出版社 2009.04 |
|
| 页数: | 337页 | |
| 开本: | 26cm | |
| 丛书名: | 21世纪信息安全大系 | |
| 单 册: | ||
| 中图分类: | TP393.08 | |
| 科图分类: | ||
| 主题词: | 计算机网络--ji suan ji wang luo | |
| 电子资源: | ||
| ISBN: | 978-7-03-023638-8 | |
| 000 | 01278nam 2200301 450 | |
| 001 | 012009312955 | |
| 005 | 20091128145144.73 | |
| 010 | @a978-7-03-023638-8@dCNY56.00 | |
| 100 | @a20091128d2009 em y0chiy0120 ea | |
| 101 | 0 | @achi@ceng |
| 102 | @aCN@b110000 | |
| 105 | @aak z 000yy | |
| 106 | @ar | |
| 200 | 1 | @a网络安全保护@Awang luo an quan bao hu@fIdo Dubrawsky ... [等] 著@FIdo Dubrawsky...[deng]zhu@g贾军保译@Gjia jun bao yi |
| 210 | @a北京@c科学出版社@d2009.04 | |
| 215 | @a337页@c图@d26cm | |
| 225 | 2 | @a21世纪信息安全大系@A21 shi ji xin xi an quan da xi |
| 304 | @a题名页题:Ido Dubrawsky, Chris Crayton, Michael Cross, Jeremy Faircloth, Eli Faircloth, Michael Gregg等 | |
| 330 | @a本书首先介绍了一般性的安全概念,如访问控制、验证、审计和攻击;然后讲述了基于远程访问、信息传输和互联网服务的通信安全,同时也涉及了无线通信的安全性问题;其次讨论了基础设施和结构,如设备、系统硬化的安全:最后阐述了密码学的基础。 | |
| 410 | 0 | @12001 @a21世纪信息安全大系 |
| 606 | 0 | @a计算机网络@Aji suan ji wang luo |
| 690 | @aTP393.08@v4 | |
| 701 | 1 | @a克劳斯@Ake lao si@g(Dubrawsky, Ido)@4著 |
| 701 | 1 | @aCrayton,@bChris@4著 |
| 701 | 1 | @aCross,@bMichael |
| 702 | 0 | @a贾军保@Ajia jun bao@4译 |
| 801 | 0 | @aCN@bQSSK@c20091128 |
| 905 | @b766806-08@dTP393.08@eK636@f3 | |
| 网络安全保护/Ido Dubrawsky ... [等] 著/贾军保译.-北京:科学出版社,2009.04 |
| 337页:图;26cm.-(21世纪信息安全大系) |
| ISBN 978-7-03-023638-8:CNY56.00 |
| 本书首先介绍了一般性的安全概念,如访问控制、验证、审计和攻击;然后讲述了基于远程访问、信息传输和互联网服务的通信安全,同时也涉及了无线通信的安全性问题;其次讨论了基础设施和结构,如设备、系统硬化的安全:最后阐述了密码学的基础。 |
| ● |
| 相关链接 |
|
|
|
正题名:网络安全保护
索取号:TP393.08/K636
 
预约/预借
| 序号 | 登录号 | 条形码 | 馆藏地/架位号 | 状态 | 备注 |
| 1 | 766806 | 207668068 | 自科库301/301自科库 122排1列2层/ [索取号:TP393.08/K636] | 在馆 | |
| 2 | 766807 | 207668077 | 自科二线404/301自科库 117排1列3层/ [索取号:TP393.08/K636] | 在馆 | |
| 3 | 766808 | 207668086 | 自科库301/301自科库 122排1列2层/ [索取号:TP393.08/K636] | 在馆 |